000 00485nam a2200145 i 4500
001 bg
245 0 _aGazownictwo i technika sanitarna w okresie 1919-1959, oraz perspektywy ich rozwoju i postępu technicznego. Materiały Jubileuszowego Zjazdu Naukowego...
260 _aWarszawa :
_bWydawn. Czas. Techn. NOT,
_c1960.
300 _as. 122, nlb. 1 :
_btab., ilustr.
040 _cBPK
041 _apol
080 _a696+697
942 _cKS
008 s pl f |000 0 pol
999 _c27202
_d27202
856 _uhttp://koha.tu.koszalin.pl/cgi-bin/koha/opac-detail.pl?biblionumber=27202
_yKatalog online BPK